| Tag |
First Indicator |
Second Indicator |
Subfields |
| LEADER |
00000cam a22000001a 4500 |
| 001 |
in00003196621 |
| 006 |
m d f |
| 007 |
cr bn mmmapmmp |
| 008 |
090623s1968 dcu o f000 0 eng d |
| 005 |
20260504160929.0 |
| 035 |
|
|
|a cis2007433925
|
| 040 |
|
|
|a UMI
|c UMI
|d UtOrBLW
|
| 043 |
|
|
|a n-us---
|
| 086 |
0 |
|
|a Y 4.F 76/2:F 76/13/968/pt.1
|
| 099 |
|
|
|a HRG-1968-FOR-0004
|
| 110 |
1 |
|
|a United States.
|b Congress.
|b Senate.
|b Committee on Foreign Relations.
|
| 245 |
1 |
0 |
|a Foreign Assistance Act of 1968.
|n Part 1,
|p Vietnam :
|b hearings before the United States Senate Committee on Foreign Relations, Ninetieth Congress, second session, on Mar. 11, 12, 1968.
|
| 264 |
|
1 |
|a Washington :
|b U.S. G.P.O.,
|c 1968.
|
| 300 |
|
|
|a 1 online resource.
|
| 336 |
|
|
|a text
|b txt
|2 rdacontent
|
| 337 |
|
|
|a computer
|b c
|2 rdamedia
|
| 338 |
|
|
|a online resource
|b cr
|2 rdacarrier
|
| 500 |
|
|
|a Record is based on bibliographic data in ProQuest Congressional Hearings Digital Collection. Reuse except for individual research requires license from ProQuest, LLC.
|
| 520 |
|
|
|a Includes discussions on U.S. casualties in Vietnam and of the Tet Offensive.
|
| 520 |
|
|
|a Considers (90) S. 3091.
|
| 538 |
|
|
|a System requirements: PDF reader software.
|
| 500 |
|
|
|a Electronic resource.
|
| 650 |
|
0 |
|a Military assistance, American
|z Vietnam.
|
| 650 |
|
0 |
|a Vietnam War, 1961-1975.
|
| 650 |
|
0 |
|a Tet Offensive, 1968
|x Casualties
|v Statistics.
|
| 651 |
|
0 |
|a United States
|x Appropriations and expenditures, 1968.
|
| 655 |
|
7 |
|a Electronic books.
|2 local
|
| 710 |
2 |
|
|a ProQuest (Firm)
|
| 776 |
0 |
8 |
|i Print version:
|a United States. Congress. Senate. Committee on Foreign Relations.
|t Foreign Assistance Act of 1968
|
| 776 |
0 |
8 |
|i Microfiche version:
|a United States. Congress. Senate. Committee on Foreign Relations.
|t Foreign Assistance Act of 1968.
|d [Bethesda, Md.] : ProQuest,[2004]
|o CIS Hrgs MF Gp 3--(90) S1859-11
|w (ProQuest)cis10803520
|
| 830 |
|
0 |
|a U.S. Congressional Hearings.
|
| 856 |
4 |
0 |
|u http://proxy.library.tamu.edu/login?url=https://congressional.proquest.com/congcomp/getdoc?HEARING-ID=HRG-1968-FOR-0004
|z Connect to the full text of this electronic book
|t 0
|
| 998 |
|
|
|a cis10803520
|
| 999 |
|
|
|a MARS
|
| 999 |
f |
f |
|s dbc7d525-967b-3adb-be63-051c79439d93
|i 1ef05bad-cd4a-3608-8d0a-2e1be7848d6a
|t 0
|
| 952 |
f |
f |
|a Texas A&M University
|b College Station
|c Electronic Resources
|s www_evans
|d Available Online
|t 0
|e HRG-1968-FOR-0004
|h Other scheme
|
| 998 |
f |
f |
|a HRG-1968-FOR-0004
|t 0
|l Available Online
|